[Event "FINAL MISTRZOSTW POLSKI MLODZIKOW 2016 - CHLOPCY"]
[Site "Jastrzebia Gora"]
[Date "1899-12-30"]
[Round "6.3"]
[White "Bancarewicz, Aleks"]
[Black "Karwacki, Piotr"]
[Result "1-0"]
[WhiteTitle "II"]
[BlackTitle "II"]
[WhiteElo "1254"]
[BlackElo "1164"]

1. d4 c5 2. d5 e5 3. e4 d6 4. c4 g6 5. Bd3 Bg7 6. Nc3 Nd7 7. Qa4 a6 8. f4 Bh6 9.
fxe5 Bxc1 10. Rxc1 Qg5 11. Nge2 dxe5 12. Nb5 Nb6 13. Nd6+ Ke7 14. Qa5 Nd7 15.
Qc7 Ngf6 16. Nxc8+ Rhxc8 17. Qxb7 Rcb8 18. Qc6 Qxg2 19. Rf1 Qxh2 20. b3 Qh4+ 21.
Kd1 Qh3 22. Kd2 Qh6+ 23. Kc2 Rc8 24. d6+ Kd8 25. Qa4 Qe3 26. Nc3 Qg5 27. Nd5 Nxd5
28. cxd5 f6 29. Rh1 h5 30. Rcg1 Qh6 31. Rg2 Nb6 32. Qa5 Rcb8 33. Rf1 g5 34. Rgf2
h4 35. Rxf6 Qh5 36. d7 Kxd7 37. Rxb6 h3 38. Rxb8 Rxb8 39. Qxa6 h2 40. Qe6+ Kc7
41. Qf7+ Qxf7 42. Rxf7+ Kb6 43. Rh7 1-0

[Event "FINAL MISTRZOSTW POLSKI MLODZIKOW 2016 - CHLOPCY"]
[Site "Jastrzebia Gora"]
[Date "1899-12-30"]
[Round "6.4"]
[White "Meers, Hubert"]
[Black "Madej, Marek"]
[Result "1-0"]
[WhiteTitle "II+"]
[BlackTitle "II"]
[WhiteElo "1607"]
[BlackElo "1240"]

1. e4 e5 2. Nf3 Nc6 3. Bb5 a6 4. Ba4 Nf6 5. d3 b5 6. Bb3 Bc5 7. O-O d6 8. c3 Bg4
9. Nbd2 O-O 10. h3 Bh5 11. Re1 Qd7 12. Nf1 h6 13. Ng3 Bg6 14. Nh4 Bh7 15. Qf3
Rad8 16. Bxh6 gxh6 17. Qxf6 Qe7 18. Qxh6 Rfe8 19. Nhf5 Qf8 20. Qf6 Bxf5 21. Nxf5
Rd7 22. Nh6+ Kh7 23. Qf5+ Kxh6 24. Qxd7 Ne7 25. Rad1 Bb6 26. d4 Rd8 27. Qg4 Ng6
28. Rd3 exd4 29. cxd4 Re8 30. Rf3 f6 31. Rg3 Qg7 32. Bd1 Qh7 33. Qh5+ Kg7 34.
Qxh7+ Kxh7 35. Bh5 Rg8 36. Bxg6+ Rxg6 37. Rxg6 Kxg6 38. d5 Ba5 39. Rc1 Bb6 40.
Rc6 Kg5 41. Rxb6 cxb6 42. b4 a5 43. a3 f5 44. e5 dxe5 45. h4+ Kf6 46. h5 e4 47.
h6 Ke5 48. h7 Kxd5 49. h8=Q axb4 50. axb4 Kc4 51. Qb2 f4 52. Kf1 Kd3 53. Ke1 e3
54. Qb3+ Kd4 55. fxe3+ fxe3 56. Ke2 Ke5 57. Kxe3 Kf5 58. Qd5+ Kg4 59. g3 Kxg3
60. Qg5+ Kh2 61. Kf3 Kh1 62. Qg2# 1-0

[Event "FINAL MISTRZOSTW POLSKI MLODZIKOW 2016 - CHLOPCY"]
[Site "Jastrzebia Gora"]
[Date "1899-12-30"]
[Round "6.5"]
[White "Ciszewski, Krzysztof"]
[Black "Wojdak, Jan"]
[Result "0-1"]
[WhiteTitle "II"]
[BlackTitle "II"]
[WhiteElo "1236"]
[BlackElo "1577"]

1. Nf3 d5 2. d4 Nf6 3. Bf4 e6 4. e3 Nbd7 5. Bd3 b6 6. Nbd2 Bb7 7. c3 c5 8. h3 Be7
9. Rc1 O-O 10. Ne5 c4 11. Bb1 b5 12. a3 a5 13. Qc2 b4 14. a4 b3 15. Qd1 Nb6 16.
Nxb3 cxb3 17. Qxb3 Ra7 18. Rg1 Nc4 19. Nxc4 dxc4 20. Qxc4 Bd5 21. Qe2 Qa8 22.
f3 Rc8 23. e4 Bc4 24. Qc2 g6 25. Bh6 Qb8 26. Qd2 Qb6 27. Qf2 Rb7 28. Rc2 Bb3 29.
Rd2 Bxa4 30. Bc2 Bxc2 31. Rxc2 Qb3 32. h4 a4 33. g4 a3 34. bxa3 Rxc3 35. Rxc3
Qxc3+ 36. Bd2 Qc4 37. Qe2 Rb1+ 38. Kf2 Qxe2+ 39. Kxe2 Rxg1 40. a4 Ra1 41. a5 Ra2
42. Ke3 Rxd2 43. Kxd2 Bb4+ 44. Kd3 Bxa5 45. Kc4 Kf8 46. d5 exd5+ 47. exd5 Ke7
48. Kc5 Bc7 49. Kc6 Bd6 50. g5 Nh5 51. Kb5 Nf4 52. Kc6 Ng2 53. Kb5 Nxh4 54. Kc6
Nxf3 55. Kb5 Nxg5 56. Kc6 f5 57. Kb5 f4 58. Kc4 f3 59. Kd3 Kf6 60. Ke3 Ke5 61.
Kd3 Bc5 62. Kd2 Ne4+ 63. Ke1 Be3 64. Kf1 Ng3+ 65. Ke1 f2+ 66. Kd1 f1=Q+ 67. Kc2
Qc4+ 68. Kb2 Bd4+ 69. Kb1 Qc3 70. Ka2 Qb2# 0-1

[Event "FINAL MISTRZOSTW POLSKI MLODZIKOW 2016 - CHLOPCY"]
[Site "Jastrzebia Gora"]
[Date "1899-12-30"]
[Round "6.6"]
[White "Dziewonski, Dariusz"]
[Black "Wieczorek, Mikolaj"]
[Result "1-0"]
[WhiteTitle "II"]
[BlackTitle "II"]
[WhiteElo "1414"]
[BlackElo "1217"]

1. e4 e5 2. Nf3 Nc6 3. Bb5 f5 4. d3 fxe4 5. dxe4 Nf6 6. O-O Bc5 7. Qd3 d6 8. Qc4
Qe7 9. Nc3 Be6 10. Nd5 O-O 11. Nxe7+ Kh8 12. Qxe6 Nd4 13. Nxd4 Bxd4 14. Qh3 Nxe4
15. Ng6+ Kg8 16. Nxf8 Rxf8 17. Be3 Bxb2 18. Rab1 Bc3 19. Bc4+ Kh8 20. Bd3 Nf6
21. Bg5 h6 22. Qf5 Kg8 23. Bxf6 Rxf6 24. Qc8+ Rf8 25. Bc4+ Kh7 26. Qxf8 Be1 27.
Bd3+ g6 28. Qf7+ 1-0

[Event "FINAL MISTRZOSTW POLSKI MLODZIKOW 2016 - CHLOPCY"]
[Site "Jastrzebia Gora"]
[Date "1899-12-30"]
[Round "6.7"]
[White "Paszkowski, Krystian"]
[Black "Matela, Krzysztof"]
[Result "0-1"]
[WhiteTitle "III"]
[BlackTitle "II"]
[WhiteElo "1074"]
[BlackElo "1328"]

1. e4 d5 2. exd5 Nf6 3. d4 Nxd5 4. Nf3 g6 5. c4 Nb6 6. Nc3 Bg7 7. Be2 Bg4 8. Qd3
e6 9. Be3 O-O 10. O-O Nc6 11. Rad1 Nb4 12. Qd2 Bxf3 13. gxf3 Nc6 14. Ne4 Ne7 15.
Nc5 Rb8 16. Bg5 Nd7 17. Nxd7 Qxd7 18. Bxe7 Qxe7 19. Rfe1 Rfd8 20. Bf1 Rxd4 21.
Qc2 Rbd8 22. Rxd4 Rxd4 23. b3 Qg5+ 24. Bg2 Rd2 25. Qb1 Rb2 26. Qe4 c6 27. Re2
Rxe2 28. Qxe2 Qe5 29. Qd2 Qd4 30. Qg5 Qd1+ 31. Bf1 Qxf3 32. Qd8+ Bf8 33. Qb8 Qg4+
34. Bg2 Qd1+ 35. Bf1 Qd7 36. Qxa7 Bd6 37. c5 Be5 38. Qb6 Qc7 39. Qxc7 Bxc7 40.
b4 Kg7 41. a4 Kf6 42. b5 Ke5 43. Bg2 cxb5 44. axb5 b6 45. c6 f5 46. f3 h5 47.
h4 Kf4 48. Kf2 Bd8 49. Kg1 Kg3 50. Kh1 Kxh4 51. Kg1 Kg3 52. Kf1 h4 53. Kg1 h3
54. Bxh3 Kxh3 55. Kf2 f4 56. Ke2 Kg3 57. Kd3 0-1

[Event "FINAL MISTRZOSTW POLSKI MLODZIKOW 2016 - CHLOPCY"]
[Site "Jastrzebia Gora"]
[Date "1899-12-30"]
[Round "6.8"]
[White "Chyzy, Jakub"]
[Black "Fronczyk, Wiktor"]
[Result "1-0"]
[WhiteTitle "I"]
[BlackTitle "II"]
[WhiteElo "1803"]
[BlackElo "1251"]

1. e4 c5 2. Nf3 d6 3. d4 cxd4 4. Nxd4 Nf6 5. Nc3 a6 6. Be3 e6 7. f3 b5 8. Qd2 Bb7
9. g4 Nfd7 10. O-O-O Nb6 11. Qf2 N8d7 12. Bd3 Rc8 13. Nce2 Qc7 14. Kb1 d5 15.
e5 Nc4 16. f4 Bc5 17. Bxc4 bxc4 18. h4 Qb6 19. Ka1 Rb8 20. Rb1 a5 21. h5 Bc6 22.
Rhf1 a4 23. Qg3 Bb5 24. f5 Qa6 25. fxe6 fxe6 26. Rf2 Ra8 27. h6 g6 28. Nxb5 Qxb5
29. Nd4 Qb6 30. c3 Rb8 31. Qh2 a3 32. Rff1 axb2+ 33. Rxb2 Qxb2+ 34. Qxb2 Rxb2
35. Kxb2 Bxd4 36. Bxd4 Ke7 37. a4 Ra8 38. Ra1 Nb8 39. Bc5+ Ke8 40. Bd6 Nd7 41.
a5 Ra6 42. g5 Kd8 43. Kc2 Ke8 44. Kd2 Kd8 45. Ke3 Ke8 46. Kd4 Kd8 47. Ra2 Ke8
48. Bc7 Ke7 49. Bd6+ Ke8 50. Bb4 Kd8 51. Rf2 Ke8 52. Rf1 Ra7 53. Ra1 Ra6 54. Bd6
Kd8 55. Ke3 Ke8 56. Ra4 Kd8 57. Kd2 Kc8 58. Kc2 Kd8 59. Kb2 Kc8 60. Ka3 Kd8 61.
Kb4 Kc8 62. Kb5 Kb7 63. Ra1 Ra8 64. Rf1 Rh8 65. a6+ Ka8 66. Rf7 Nb8 67. Kb6 Nxa6
68. Kxa6 Rb8 69. Ra7# 1-0

[Event "FINAL MISTRZOSTW POLSKI MLODZIKOW 2016 - CHLOPCY"]
[Site "Jastrzebia Gora"]
[Date "1899-12-30"]
[Round "6.9"]
[White "Bogusz, Alan"]
[Black "Goral, Jan"]
[Result "1-0"]
[WhiteTitle "II"]
[BlackTitle "II"]
[WhiteElo "1572"]
[BlackElo "1273"]

1. e4 c5 2. Nf3 Nc6 3. d4 cxd4 4. Nxd4 g6 5. c4 Bg7 6. Be3 Nf6 7. Nc3 O-O 8. Be2
d6 9. O-O Bd7 10. Qd2 Rc8 11. Rac1 Na5 12. b3 Nc6 13. Rfd1 a5 14. f3 Re8 15. Kh1
Nb8 16. Ndb5 Nc6 17. Na4 Nb4 18. Bb6 Rc7 19. Bxc7 Qa8 20. c5 Bxb5 21. Bxb5 Rc8
22. Nb6 Qa7 23. Nxc8 Qa8 24. Nxe7+ Kf8 25. cxd6 1-0

[Event "FINAL MISTRZOSTW POLSKI MLODZIKOW 2016 - CHLOPCY"]
[Site "Jastrzebia Gora"]
[Date "1899-12-30"]
[Round "6.10"]
[White "Wierzbicki, Dawid"]
[Black "Czernecki, Andrzej"]
[Result "1-0"]
[WhiteTitle "II"]
[BlackTitle "II"]
[WhiteElo "1269"]
[BlackElo "1469"]

1. e4 c5 2. Nf3 d6 3. d4 cxd4 4. Nxd4 Nf6 5. Nc3 Nc6 6. Nb3 e5 7. Be3 Ng4 8. Bc1
Qh4 9. Qf3 Nxh2 10. Rxh2 Qxh2 11. Nd5 Kd8 12. Bg5+ Be7 13. Nxe7 Nxe7 14. O-O-O
f6 15. Bxf6 gxf6 16. Qxf6 Qf4+ 17. Qxf4 exf4 18. Rxd6+ Kc7 19. Rf6 Ng6 20. Rf7+
Kd6 21. f3 Be6 22. Rxb7 Bxb3 23. Rxb3 Ne5 24. Rb5 Rhg8 25. Kd2 Rad8 26. Rd5+ Ke6
27. c4 Rxd5+ 28. exd5+ Kd6 29. Kc3 Rg3 30. Kd4 Rg5 31. c5+ Kc7 32. Bb5 Nf7 33.
Bf1 Re5 34. b4 Re1 35. Bc4 Ne5 36. d6+ Kc6 37. b5+ Kd7 38. Bg8 h5 39. Kd5 Rc1
40. c6+ Nxc6 41. bxc6+ Rxc6 42. Be6+ 1-0

[Event "FINAL MISTRZOSTW POLSKI MLODZIKOW 2016 - CHLOPCY"]
[Site "Jastrzebia Gora"]
[Date "1899-12-30"]
[Round "6.11"]
[White "Madajczak, Piotr"]
[Black "Iwaszkiewicz, Grzegorz"]
[Result "1-0"]
[WhiteTitle "II"]
[BlackTitle "II"]
[WhiteElo "1377"]
[BlackElo "1206"]

1. e4 d5 2. exd5 Qxd5 3. Nc3 Qa5 4. d4 Nf6 5. Nf3 Bf5 6. Ne5 c6 7. g4 Be4 8. f3
Bg6 9. h4 h5 10. Nxg6 fxg6 11. Bd3 e6 12. Bxg6+ Kd8 13. Bd2 Qc7 14. Bg5 Be7 15.
Kd2 Nbd7 16. Kc1 hxg4 17. fxg4 Nb6 18. Bf7 Nbd5 19. Nb1 Ne4 20. Bxe7+ Qxe7 21.
Qf3 Nd6 22. Bh5 Qf6 23. g5 Qf4+ 24. Qxf4 Nxf4 25. Bg4 Kd7 26. Nd2 Raf8 27. Nf3
Ne4 28. Rh2 Nd5 29. c4 Ne3 30. Ne5+ Kd6 31. b3 Nxg4 32. Nxg4 Rf4 33. Ne5 Rhxh4
34. Rxh4 Rxh4 35. g6 Ng5 36. Nf7+ Nxf7 37. gxf7 Ke7 38. Kc2 Rxd4 39. Rf1 Kf8 40.
Kc3 c5 41. b4 b6 42. Rh1 Kxf7 43. Rh5 Kg6 44. bxc5 Rxc4+ 45. Kxc4 Kxh5 46. c6
g5 47. c7 g4 48. c8=Q 1-0

[Event "FINAL MISTRZOSTW POLSKI MLODZIKOW 2016 - CHLOPCY"]
[Site "Jastrzebia Gora"]
[Date "1899-12-30"]
[Round "6.12"]
[White "Pisarek, Jan"]
[Black "Krupinski, Mikolaj"]
[Result "0-1"]
[WhiteTitle "II"]
[BlackTitle "II"]
[WhiteElo "1191"]
[BlackElo "1372"]

1. e4 c5 2. Nf3 a6 3. c3 d5 4. exd5 Qxd5 5. d4 Bg4 6. Be2 Nc6 7. dxc5 Qxc5 8. Be3
Qd6 9. Qxd6 exd6 10. O-O Nf6 11. Nbd2 Be7 12. Rfe1 O-O 13. Rad1 b5 14. h3 Be6
15. a3 Rab8 16. Nd4 Nxd4 17. Bxd4 Rfd8 18. Bd3 Re8 19. Ne4 Nd5 20. Ng3 g6 21.
Ne4 f5 22. Ng3 Bg5 23. Bc2 Rbd8 24. Bb3 Nf4 25. Bxe6+ Nxe6 26. Bb6 Rd7 27. Bc5
Kf7 28. Rxd6 Nxc5 29. Rxe8 Kxe8 30. Rc6 Be7 31. Rc8+ Rd8 32. Rc6 Rd6 33. Rc8+
Kf7 34. Kh2 Ne6 35. c4 bxc4 36. Rxc4 Rd2 37. Rc6 Rxb2 38. Rxa6 Rxf2 39. Nh1 Ra2
40. a4 Nf4 41. Kg1 Bc5+ 42. Kf1 Ra1# 0-1

[Event "FINAL MISTRZOSTW POLSKI MLODZIKOW 2016 - CHLOPCY"]
[Site "Jastrzebia Gora"]
[Date "1899-12-30"]
[Round "6.13"]
[White "Pazdzierz, Piotr"]
[Black "Herwy, Jakub"]
[Result "1-0"]
[WhiteTitle "II"]
[BlackTitle "II"]
[WhiteElo "1319"]
[BlackElo "1051"]

1. d4 Nf6 2. Bf4 b6 3. e3 Bb7 4. Nf3 e6 5. Nbd2 h6 6. Bd3 d5 7. c3 Bd6 8. Bg3 Qe7
9. Qe2 Ne4 10. O-O Nd7 11. c4 c5 12. Rac1 O-O 13. b3 Rac8 14. Bb1 g5 15. Bxd6
Qxd6 16. Rfd1 Rfd8 17. cxd5 exd5 18. dxc5 Nexc5 19. Nd4 Ba6 20. Qh5 Nd3 21. Rxc8
Rxc8 22. Nf5 Qf6 23. Nxh6+ Kg7 24. Ng4 Qg6 25. Qxg6+ fxg6 26. h3 Nb2 27. Re1 Nc5
28. Ne5 Ncd3 29. Nxd3 Nxd3 30. Bxd3 Bxd3 31. Nf3 Kf6 32. Rd1 Be4 33. Nd4 Bc2 34.
Rd2 Bb1 35. Nf3 Rd8 36. Kf1 Be4 37. Ke2 Rd7 38. Kf1 Rd6 39. Kg1 Rc6 40. Kh2 Rc2
41. Rxc2 Bxc2 42. Nd4 Bb1 43. a3 a6 44. Kg3 b5 45. b4 Bd3 46. Nc6 Bf5 47. f3 Bc8
48. Kf2 Bb7 49. Nd4 Ba8 50. Ke2 Ke5 51. Kd3 Bb7 52. Ne2 Bc8 53. Ng3 Be6 54. Kc3
Bf7 55. Ne2 Be6 56. Nd4 Bd7 57. Kd2 Be8 58. Ke2 Bd7 59. Kf2 Bc8 60. Kg3 Bd7 61.
Ne2 Bc8 62. h4 gxh4+ 63. Kxh4 Kf6 64. Nd4 Bb7 65. Kg3 Bc8 66. Nc6 g5 67. f4 gxf4+
68. Kxf4 Bb7 69. Nd4 Bc8 70. g4 Bd7 71. g5+ Kg6 72. Nf3 Bc8 73. Ke5 Bb7 74. Kd6
d4 75. Nxd4 Kxg5 76. Kc7 Bg2 77. Kb6 Kf6 78. Kxa6 Ke5 79. Kxb5 Bf1+ 80. Kc5 1-0

[Event "FINAL MISTRZOSTW POLSKI MLODZIKOW 2016 - CHLOPCY"]
[Site "Jastrzebia Gora"]
[Date "1899-12-30"]
[Round "6.15"]
[White "Nowak, Filip"]
[Black "Karolczuk, Iwo"]
[Result "1-0"]
[WhiteTitle "II"]
[BlackTitle "III"]
[WhiteElo "1257"]
[BlackElo "1114"]

1. e4 c5 2. Nf3 e6 3. d4 cxd4 4. Nxd4 a6 5. a3 d6 6. Nc3 b5 7. Be2 Bb7 8. O-O Nf6
9. Bf3 h6 10. e5 Nd5 11. Nxd5 Bxd5 12. Bxd5 exd5 13. Bf4 dxe5 14. Bxe5 Bd6 15.
Bxd6 Qxd6 16. Re1+ Kf8 17. Nf5 Qd7 18. Qf3 g6 19. Ne7 Kg7 20. Nxd5 Rf8 21. Nb6
Nc6 22. Nxd7 Rfc8 23. Nb6 Rab8 24. Nxc8 Rxc8 25. Rad1 Rc7 26. h3 b4 27. axb4 Nxb4
28. Qf4 Rb7 29. Qe5+ f6 30. Qe7+ Rxe7 31. Rxe7+ Kf8 32. Rb7 Nc6 33. Rc7 Ne7 34.
Rd8+ Kf7 35. Rdd7 Ke6 36. Rxe7+ Kd5 37. Ra7 Kd6 38. Rh7 h5 39. Rxa6+ Ke5 40. Re7+
Kf5 41. Ra5+ Kf4 42. g3+ Kf3 43. Re3# 1-0

[Event "FINAL MISTRZOSTW POLSKI MLODZIKOW 2016 - CHLOPCY"]
[Site "Jastrzebia Gora"]
[Date "1899-12-30"]
[Round "6.16"]
[White "Backiel, Hubert"]
[Black "Wolski, Michal"]
[Result "1/2-1/2"]
[WhiteTitle "II+"]
[BlackTitle "II"]
[WhiteElo "1247"]
[BlackElo "1116"]

1. e4 e5 2. Nf3 Nc6 3. Bb5 a6 4. Bxc6 dxc6 5. O-O Qd6 6. Na3 Be6 7. c3 O-O-O 8.
Qe2 Nf6 9. Nc2 Nd7 10. d4 f6 11. Be3 Nb6 12. Rfd1 Bc4 13. Qe1 Qe7 14. b3 Bf7 15.
dxe5 Rxd1 16. Rxd1 Be6 17. h3 h6 18. Qd2 g5 19. exf6 Qe8 20. c4 c5 21. Qc3 Rg8
22. Ne5 Bd6 23. Nd3 Qh5 24. Qd2 g4 25. Qe2 Qh4 26. e5 Bf8 27. Nf4 gxh3 28. g3
Rxg3+ 29. fxg3 Qxg3+ 30. Kh1 Bg4 31. Rd8+ Kxd8 32. Qd2+ Kc8 33. Ne1 h2 34. Bf2
Bf3+ 35. Nxf3 Qxf3+ 36. Kxh2 Qe4 37. Nd3 Nd7 38. Qe3 Qf5 39. Qh3 Qe4 40. e6 Nxf6
41. e7+ Ng4+ 1/2-1/2

[Event "FINAL MISTRZOSTW POLSKI MLODZIKOW 2016 - CHLOPCY"]
[Site "Jastrzebia Gora"]
[Date "1899-12-30"]
[Round "6.17"]
[White "Blazniak, Bartlomiej"]
[Black "Rzenca, Jerzy"]
[Result "0-1"]
[WhiteTitle "II"]
[BlackTitle "II"]
[WhiteElo "1137"]
[BlackElo "1196"]

1. e4 e5 2. Nf3 Nc6 3. Bc4 Bc5 4. O-O Nf6 5. c3 Nxe4 6. Qe2 d5 7. Bb5 Bg4 8. Bxc6+
bxc6 9. d3 Bxf3 10. Qxf3 Nf6 11. Bg5 h6 12. Bh4 Be7 13. Re1 Nd7 14. Bg3 Bf6 15.
Qe2 O-O 16. Nd2 Re8 17. Nf3 c5 18. Kf1 c6 19. Qd1 e4 20. dxe4 Rxe4 21. Rxe4 dxe4
22. Ne1 Ne5 23. Qa4 Qb6 24. b3 Qb5+ 25. Qxb5 cxb5 26. Rd1 Ng6 27. c4 bxc4 28.
bxc4 Rd8 29. Rxd8+ Bxd8 30. Bd6 Bb6 31. Ke2 f5 32. Nc2 Kf7 33. Ne3 Ke6 34. Bb8
Ne7 35. h3 Nc6 36. Bh2 Nb4 37. a3 Nc6 38. Kd2 g5 39. Nd1 f4 40. g3 Ke5 41. gxf4+
gxf4 42. Ne3 Ba5+ 43. Ke2 Nd4+ 44. Kd1 Ne6 45. Ng4+ Kd4 46. Nxh6 Kxc4 47. Nf7
Bc7 48. h4 Ng7 49. Kc2 Kd4 50. Kd2 e3+ 51. fxe3+ fxe3+ 0-1

[Event "FINAL MISTRZOSTW POLSKI MLODZIKOW 2016 - CHLOPCY"]
[Site "Jastrzebia Gora"]
[Date "1899-12-30"]
[Round "6.18"]
[White "Norek, Maciej"]
[Black "Kusiak, Mateusz"]
[Result "0-1"]
[WhiteTitle "II"]
[BlackTitle "III"]
[WhiteElo "1175"]
[BlackElo "1085"]

1. e4 c5 2. Nf3 Nc6 3. d4 cxd4 4. Nxd4 g6 5. c4 Bg7 6. Be3 Nf6 7. Nc3 O-O 8. Be2
d6 9. O-O Bd7 10. Rc1 Qc7 11. f3 Rfd8 12. Nd5 Qa5 13. Nxc6 bxc6 14. Nxe7+ Kh8
15. Qxd6 Nxe4 16. Nxc6 Nxd6 17. Nxa5 Bxb2 18. Rcd1 Nf5 19. Bg5 f6 20. Bc1 Bxc1
21. Rxc1 Be8 22. Kf2 Rd2 23. Rfd1 Rxa2 24. Nb7 Rb2 25. Rd8 Rxd8 26. Nxd8 Nd4 27.
Re1 a5 28. Ke3 Nc2+ 29. Kd2 Nxe1+ 30. Kxe1 a4 31. c5 a3 32. Bc4 a2 33. Bxa2 Rxa2
34. c6 Rc2 35. c7 Rxc7 36. Kf2 Re7 37. Kg3 Kg7 38. f4 f5 39. Kh4 h6 40. g4 fxg4
41. Kxg4 Kf6 42. h4 Rc7 43. h5 gxh5+ 44. Kh4 Ke7 0-1

[Event "FINAL MISTRZOSTW POLSKI MLODZIKOW 2016 - CHLOPCY"]
[Site "Jastrzebia Gora"]
[Date "1899-12-30"]
[Round "6.20"]
[White "Kubaszewski, Piotr"]
[Black "Jedraszek, Pawel"]
[Result "0-1"]
[WhiteTitle "III"]
[BlackTitle "II"]
[WhiteElo "1097"]
[BlackElo "1261"]

1. e4 c5 2. Nf3 a6 3. d4 cxd4 4. Nxd4 Nf6 5. Nc3 e5 6. Nf3 d6 7. h3 h6 8. Bd3 Be6
9. O-O Be7 10. Nh2 Nbd7 11. f4 Qc7 12. f5 Bc4 13. Nf3 Rc8 14. Be3 b5 15. a3 O-O
16. Qe2 Nc5 17. Bxc5 Qxc5+ 18. Kh1 Nh5 19. Kh2 Nf6 20. Rac1 Bd8 21. Qd2 Qb6 22.
b3 Bxd3 23. cxd3 Be7 24. Na2 d5 25. exd5 Nxd5 26. b4 Rfd8 27. g3 Bd6 28. Nc3 Ne3
29. Rfe1 Nxf5 30. Nd5 Qb7 31. Rxc8 Rxc8 32. Qa2 Ne7 33. Nxe7+ Qxe7 34. Qb2 f6
35. d4 Qc7 36. Qb3+ Qf7 37. Qxf7+ Kxf7 38. dxe5 Rc2+ 39. Kh1 Bxe5 40. Nxe5+ fxe5
41. Rxe5 Rc3 42. Rf5+ Ke6 43. Rc5 Rxc5 44. bxc5 Kd5 45. c6 Kxc6 46. Kg2 a5 47.
Kf2 Kc5 48. Ke2 Kc4 49. Kd2 Kb3 50. Kc1 Kxa3 51. Kb1 b4 52. g4 Kb3 53. h4 a4 54.
g5 hxg5 55. hxg5 Kc3 56. g6 b3 57. Kc1 a3 58. Kb1 b2 59. Ka2 Kc2 60. Kxa3 b1=Q
61. Ka4 Qb6 62. Ka3 Qb3# 0-1

[Event "FINAL MISTRZOSTW POLSKI MLODZIKOW 2016 - CHLOPCY"]
[Site "Jastrzebia Gora"]
[Date "1899-12-30"]
[Round "6.21"]
[White "Zmuda, Mateusz"]
[Black "Pancewicz, Szymon"]
[Result "0-1"]
[WhiteTitle "II"]
[BlackTitle "II"]
[WhiteElo "1199"]
[BlackElo "1079"]

1. c4 Nf6 2. Nf3 c5 3. g3 g6 4. Bg2 Bg7 5. Nc3 O-O 6. O-O Nc6 7. d3 d6 8. Bg5 Bd7
9. e3 a6 10. d4 Qc8 11. d5 Na7 12. Re1 b5 13. Qd3 Rb8 14. b3 b4 15. Ne2 Bf5 16.
Qd1 Re8 17. Bxf6 Bxf6 18. Rc1 Bb2 19. Nf4 Bxc1 20. Qxc1 Be4 21. Ng5 Bxg2 22. Nxg2
Qf5 23. e4 Qf6 24. f4 Qc3 25. Qd1 Qb2 26. Re2 Qc3 27. Kh1 Qd4 28. Qf1 Rf8 29.
f5 Qf6 30. h4 Qe5 31. g4 Qg3 32. Qf3 Qxf3 33. Nxf3 a5 34. h5 e6 35. f6 exd5 36.
cxd5 Rfe8 37. hxg6 fxg6 38. Ng5 Kf8 39. f7 Re5 40. Nf4 Rxg5 41. Ne6+ Kxf7 42.
Nxg5+ Kg7 43. Ne6+ Kf6 44. Kg2 Nb5 45. g5+ Ke5 46. Kf3 Nc3 47. Nd4 Rf8+ 48. Kg4
Nxe2 49. Nxe2 Rf2 50. Nc1 Kxe4 51. Kg3 Rc2 52. Ne2 Rxe2 53. Kg4 Rg2+ 54. Kh3 Rxg5
55. a4 bxa3 56. b4 a2 57. bxa5 a1=Q 58. a6 Qh1# 0-1

[Event "FINAL MISTRZOSTW POLSKI MLODZIKOW 2016 - CHLOPCY"]
[Site "Jastrzebia Gora"]
[Date "1899-12-30"]
[Round "6.22"]
[White "Bochenek, Ryszard"]
[Black "Czaja, Adrian"]
[Result "0-1"]
[WhiteTitle "II"]
[BlackTitle "II"]
[WhiteElo "1101"]
[BlackElo "1196"]

1. d4 Nf6 2. c4 e6 3. Nc3 Bb4 4. Nf3 O-O 5. Bg5 h6 6. Bh4 Be7 7. Bxf6 Bxf6 8. e4
b6 9. Bd3 g6 10. O-O Bb7 11. Qd2 Bg7 12. Rfe1 d6 13. Rad1 Qe7 14. Bc2 Nd7 15.
d5 e5 16. b4 a6 17. Rb1 Rfb8 18. Re3 Nf6 19. Ne1 Bc8 20. Nd3 Bd7 21. a4 Nh5 22.
Rf1 Bf6 23. Ree1 Bg5 24. Qe2 Nf4 25. Nxf4 Bxf4 26. g3 Bg5 27. h4 Bf6 28. Kh2 h5
29. Nd1 b5 30. cxb5 axb5 31. a5 Qd8 32. f4 exf4 33. Rxf4 Be5 34. Rf2 Qxh4+ 35.
Kg1 Bxg3 36. Ref1 Bxf2+ 37. Nxf2 Qg3+ 38. Kh1 Re8 39. Nd1 f5 40. Rf3 Qh4+ 41.
Kg2 fxe4 42. Rg3 Bg4 43. Qxb5 Bf3+ 44. Rxf3 exf3+ 45. Kxf3 Qh1+ 46. Kf2 Qh2+ 47.
Kf3 Qxc2 48. Ne3 Qc3 49. Qe2 Rxe3+ 50. Qxe3 Qxe3+ 51. Kxe3 h4 52. Kf4 g5+ 53.
Kg4 Kf7 54. Kh3 Kf6 55. Kg4 Ke5 56. Kh3 Kxd5 57. Kg4 Kc4 58. b5 Kxb5 59. a6 Rxa6
60. Kh3 Ra3+ 61. Kg4 h3 62. Kxg5 h2 63. Kf6 h1=Q 64. Ke7 Qc6 65. Kd8 Re3 66. Kc8
Re8# 0-1

[Event "FINAL MISTRZOSTW POLSKI MLODZIKOW 2016 - CHLOPCY"]
[Site "Jastrzebia Gora"]
[Date "1899-12-30"]
[Round "6.23"]
[White "Choina, Jan"]
[Black "Dawgiel, Bartosz"]
[Result "1-0"]
[WhiteTitle "II"]
[BlackTitle "II"]
[WhiteElo "1190"]
[BlackElo "1134"]

1. e4 e5 2. Nf3 Nc6 3. d4 exd4 4. Bc4 Nf6 5. O-O Nxe4 6. Re1 d5 7. Bxd5 Qxd5 8.
Nc3 Qa5 9. Nxe4 Be6 10. Neg5 O-O-O 11. Nxe6 fxe6 12. Rxe6 Bd6 13. Bg5 Rde8 14.
Qe2 Be5 15. Rxe8+ Rxe8 16. Nxe5 Rxe5 17. Qg4+ Kb8 18. h4 Re1+ 19. Rxe1 Qxe1+ 20.
Kh2 Qxf2 21. Qd7 Qf8 22. Kh3 Qc8 23. Qxc8+ Kxc8 24. c3 d3 25. Kg3 Ne5 26. Kf2
Kd7 27. Ke3 Nc4+ 28. Kxd3 Nxb2+ 29. Kd4 c6 30. g4 a5 31. h5 b5 32. Bf4 Na4 33.
g5 Kc8 34. g6 hxg6 35. hxg6 c5+ 36. Kd3 Nb2+ 37. Ke4 Nc4 38. Kd5 Nb2 39. Be5 Nd3
40. Bxg7 Kd7 41. Bh6 Ke7 42. Kc6 b4 43. cxb4 axb4 44. Kb5 c4 45. g7 Kf7 46. Kxc4
Ne5+ 47. Kxb4 Ng4 48. Bf4 Kxg7 49. a4 Nf2 50. Kb5 Ne4 51. Kb6 Kf7 52. a5 Nf6 53.
a6 Nd5+ 54. Kb7 Nxf4 55. a7 Ne6 56. a8=Q Nc5+ 57. Kc6 Ne6 58. Kd6 Ng7 59. Qd5+
Kf8 60. Kd7 Nh5 61. Qxh5 Kg7 62. Ke7 Kg8 63. Qg5+ Kh7 64. Kf7 1-0

[Event "FINAL MISTRZOSTW POLSKI MLODZIKOW 2016 - CHLOPCY"]
[Site "Jastrzebia Gora"]
[Date "1899-12-30"]
[Round "6.26"]
[White "Dembicki, Karol"]
[Black "Wilk, Igor"]
[Result "0-1"]
[WhiteTitle "II"]
[BlackTitle "III"]
[WhiteElo "1146"]
[BlackElo "1103"]

1. e4 e6 2. d4 d5 3. exd5 exd5 4. Bd3 Bd6 5. Nf3 Bg4 6. O-O Ne7 7. Bg5 f6 8. Bh4
Nbc6 9. c3 Qd7 10. Nbd2 O-O-O 11. b4 Rdg8 12. b5 Nd8 13. c4 g5 14. Bg3 h5 15.
Bxd6 Qxd6 16. c5 Qd7 17. c6 Qd6 18. Qa4 Kb8 19. Qb3 h4 20. a4 Bxf3 21. Nxf3 g4
22. Nxh4 Rxh4 23. g3 Rh5 24. Kg2 f5 25. f4 Rgh8 26. Rh1 Qh6 27. h4 gxh3+ 28. Kf2
Qg7 29. a5 Qxd4+ 30. Kf1 Qe3 31. Rh2 Qf3+ 32. Rf2 Qh1+ 33. Ke2 Qxa1 34. b6 Qxa5
35. bxc7+ Qxc7 36. cxb7 Qxb7 37. Qa4 h2 38. Ba6 Qb2+ 39. Ke3 d4+ 40. Kf3 h1=Q+
41. Rg2 Qhxg2# 0-1

[Event "FINAL MISTRZOSTW POLSKI MLODZIKOW 2016 - CHLOPCY"]
[Site "Jastrzebia Gora"]
[Date "1899-12-30"]
[Round "6.27"]
[White "Nowicki, Filip"]
[Black "Kycia, Marek"]
[Result "1-0"]
[WhiteTitle "III"]
[BlackTitle "II"]
[WhiteElo "1092"]
[BlackElo "1138"]

1. g4 d5 2. Bg2 Bxg4 3. c4 c6 4. cxd5 cxd5 5. Qb3 Qc7 6. Nc3 e6 7. Qa4+ Nd7 8.
Qxg4 Ngf6 9. Qa4 Bd6 10. Nf3 O-O 11. d4 a6 12. Bg5 h6 13. Bh4 Rfc8 14. Bg3 b5
15. Qb3 Rab8 16. e3 Qb6 17. O-O Bxg3 18. hxg3 a5 19. Rfc1 Qa6 20. Bf1 Qd6 21.
Nxb5 Qe7 22. Qd1 Ng4 23. Nh2 Ngf6 24. Rxc8+ Rxc8 25. Rc1 Rb8 26. Rc7 Rd8 27. Qc2
Ne4 28. Rc8 Rxc8 29. Qxc8+ Kh7 30. Bd3 g6 31. Bxe4 dxe4 32. Ng4 Nf6 33. Nxf6+
Qxf6 34. Nd6 Qf3 35. Qc2 f5 36. Qc7+ Kg8 37. Qf7+ Kh8 38. Qxg6 Qd1+ 39. Kh2 1-0

[Event "FINAL MISTRZOSTW POLSKI MLODZIKOW 2016 - CHLOPCY"]
[Site "Jastrzebia Gora"]
[Date "1899-12-30"]
[Round "6.28"]
[White "Krahel, Karol"]
[Black "Wawrzyniak, Karol"]
[Result "1-0"]
[WhiteTitle "II"]
[BlackTitle "II"]
[WhiteElo "1170"]
[BlackElo "1130"]

1. e4 e6 2. d4 d5 3. exd5 exd5 4. c4 dxc4 5. Bxc4 Bd6 6. Nc3 Ne7 7. Nge2 Bf5 8.
O-O Nbc6 9. Be3 Qd7 10. h3 O-O-O 11. Ng3 Be6 12. d5 Bxg3 13. dxe6 Qxd1 14. Raxd1
Bd6 15. exf7 Rhf8 16. Nb5 Nf5 17. Be6+ Kb8 18. Bxf5 Rxf7 19. Bxh7 Rfd7 20. g3
Be5 21. Rxd7 Rxd7 22. Nc3 Rd8 23. Be4 Rh8 24. h4 Ne7 25. Rd1 c6 26. Bd4 Bxd4 27.
Rxd4 Kc7 28. Kf1 Re8 29. Kg2 Kb6 30. Rd7 g6 31. b4 a6 32. Kh3 Ka7 33. Kg4 Kb8
34. Kg5 Kc8 35. Rd2 Rg8 36. Kf6 Nf5 37. Bxf5+ gxf5 38. Kxf5 Rf8+ 39. Kg6 Rf3 40.
Ne4 Rf8 41. Kg7 Re8 42. Nd6+ Kd7 43. Nxe8+ Kxe8 44. h5 Ke7 45. h6 Ke6 46. h7 Ke5
47. h8=Q Ke4 48. Qe8+ Kf3 49. Qh5+ Kg2 50. f3+ Kxg3 51. Qg4# 1-0